| LEADER |
00606nam0a2200181 450 |
| 001 |
16847339 |
| 010 |
|
|
|a 978-2-08-045063-0
|b rel.
|d 14,5
|
| 100 |
|
|
|a 20250520d2026 u u0frey01 ba
|
| 101 |
0 |
|
|a fre
|
| 102 |
|
|
|a FR
|
| 200 |
0 |
|
|a grande peur de mes petits cauchemars (La)
|f Rosalinde Bonnet
|
| 207 |
|
1 |
|a
|
| 210 |
|
|
|a [Paris]
|c Père Castor
|d DL 2025
|
| 215 |
|
|
|a 1 vol. (non paginé [25] p.)
|c ill. en coul.
|d 31 cm
|
| 700 |
|
0 |
|a Bonnet
|b Rosalinde
|f 1978-....
|4 70
|
| 900 |
|
|
|a Album
|
| 901 |
|
|
|a Accessible au prêt
|
| 995 |
|
|
|a Bibliothèque
|c Bibliothèque
|f 024025912
|h 024025912
|k A BON
|o p
|q j
|r az
|e Bibliothèque
|